• 首页
  • 本馆介绍
  • 公告通知
  • 最新文献
  • 馆藏检索
  • 电子资源
  • 读者导购
  • 参考咨询
  • 我的图书馆
  • 登录
  • 详细信息显示
  • 放入我的书架
  • 预约/预借图书
  • 作者相关作品
  • 分类相关作品
  • 丛书相关作品
  • 出版社相关作品

书目信息

  • 表格格式
  • 工作单格式
  • 卡片格式
题名:
约翰·汤普森现代钢琴教程
    
 
作者: 汤普森 , 汤普森 著 ;人民音乐出版社编辑部 译
分册: 2  
出版信息: 北京   人民音乐出版社  2019
页数: 90页
开本: 31cm
丛书名:
单 册:
中图分类: J624.16
科图分类:
主题词: 钢琴--奏法--教材
电子资源:
ISBN: 978-7-103-05615-8
000 01119cam0 2200277 450
001 2274912397
005 20221017090156.47
010    @a978-7-103-05615-8@dCNY27.00
100    @a20200408d2019 em y0chiy50 ea
101 1  @achi@ceng
102    @aCN@b110000
105    @aag z 000yy
200 1  @a约翰·汤普森现代钢琴教程@9yue han·tang pu sen xian dai gang qin jiao cheng@f汤普森编著@FTang Pu Sen Bian Zhu@h2@dJohn Thompson's modern course for the piano@h2@zeng
210    @a北京@c人民音乐出版社@d2019
215    @a90页@c图, 照片, 乐谱@d31cm
300    @a约翰·汤普森钢琴系列教程
314    @a责任者取自CIP数据
330    @a本书遴选不同风格的音乐片段供学习者演奏,比如有轻歌剧、芭蕾、大歌剧、清唱剧等曲例,让学习者在演奏中快乐学习,快乐收获。
510 1  @aJohn Thompson's modern course for the piano@h2@zeng
606 0  @a钢琴@x奏法@j教材
690    @aJ624.16@v5
701  1 @c(美)@a汤普森@9tang pu sen@gThompson, John@4著
701  0 @a汤普森@ATang Pu Sen@4编著
712 02 @a人民音乐出版社编辑部@9ren min yin yue chu ban she bian ji bu@4译
801  0 @aCN@b91MARC@c20200408
905    @aZUCC@dJ624.16@e16:2
    
    约翰·汤普森现代钢琴教程/汤普森编著.2=John Thompson's modern course for the piano.2.-北京:人民音乐出版社,2019
    90页:图, 照片, 乐谱;31cm
    约翰·汤普森钢琴系列教程
    
    ISBN 978-7-103-05615-8:CNY27.00
    本书遴选不同风格的音乐片段供学习者演奏,比如有轻歌剧、芭蕾、大歌剧、清唱剧等曲例,让学习者在演奏中快乐学习,快乐收获。
●
相关链接 在五车中查询图书 在当当中查询图书 在豆瓣中查询图书


正题名:约翰·汤普森现代钢琴教程     索取号:J624.16/16:2         预约/预借

序号 登录号 条形码 馆藏地/架位号 状态 备注
1 2000898955   2000898955   第三书库/ [索取号:J624.16/16:2] 在馆    
2 2000898956   2000898956   第三书库/ [索取号:J624.16/16:2] 在馆    
3 2000898957   2000898957   第三书库/ [索取号:J624.16/16:2] 在馆    
山东省滨州职业学院图书馆 欢迎您!
大连网信软件有限公司© 版权所有